000 00288nam a22001337a 4500
008 171013b xxu||||| |||| 00| 0 eng d
020 _a9780671657130
041 _aeng
080 _a316
100 _a50
101 _aSOC
245 _aTHE SOCIETY OF MIND
_cMINSKY, M
942 _2udc
_cBK
999 _c33602
_d33602